Music Quiz

Random Music Quiz

All About Kurt Cobain Quiz Stats

Quiz not verified by Sporcle

Challenge
Share
Tweet
Embed
Score 0/20 Timer 15:00
1 Play Today
Question Answer % Correct
What was her name?Frances Bean Cobain
66.3%
Where was Kurt Cobain born?Aberdeen, Washington
59.9%
Who is believed to have killed Kurt Cobain?Courtney Love
57%
What Nirvana song was released in 2002?You Know You're Right
51.6%
Cobain wouldn't eat anything that was what color?Green
45.5%
What was the name of the secret track on 'Nevermind'?Endless Nameless
41.6%
Kurt Cobain dropped out of school in what grade?10th
39.8%
What band was Dave Grohl in before Nirvana?Scream
38.4%
What was the name of the song the Red Hot Chili Pepper's wrote about Cobain?Tearjerker
28.3%
Who did Kurt Cobain quote in his suicide note?Neil Young
28%
Question Answer % Correct
What band inspired most of the songs on 'Bleach?'The Beatles
20.1%
Who was Kurt Cobain's idol?John Lennon
20.1%
When was he found?April 8th, 1994
19.4%
What day did Kurt Cobain die?April 5th, 1994
18.3%
When was Kurt Cobain born?Feburary 20, 1967
15.4%
What was Kurt Cobain's mother's name?Wendy O'Connor
10%
What day was their daughter born?August 18th, 1992
7.2%
Where was he found?The greenhouse of his home
3.9%
Kurt Cobain married Courtney Love on what day?Feburary 24th, 1992
3.6%
Who was his suicide note addressed to and who was he?Boddah, Kurt Cobain's imaginary friend as a child
1.8%

You're not logged in!

Compare scores with friends on all Sporcle quizzes.
Sign Up with Email
OR
Log In

You Might Also Like...

Show Comments

Extras

Top Quizzes Today


Score Distribution

Your Account Isn't Verified!

In order to create a playlist on Sporcle, you need to verify the email address you used during registration. Go to your Sporcle Settings to finish the process.